|
|
|
|
| LEADER |
01180nam a2200313 a 4500 |
| 001 |
000579088 |
| 003 |
CZ BrMZK |
| 005 |
20210809085433.0 |
| 007 |
ta |
| 008 |
011122 1976 xr f cze d |
| 015 |
|
|
|a cnb000156193
|
| 020 |
|
|
|q (Váz.)
|
| 040 |
|
|
|a BOA001
|c ze
|d BOA001
|
| 080 |
|
|
|a 89(091)
|2 MRF
|
| 245 |
0 |
0 |
|a Setkání a proměny :
|b vznik moderní literatury v Asii /
|c zprac. Zlata Černá ... [et al.] ; obálka Soňa a Jiří Valouškovi
|
| 250 |
|
|
|a 1. vyd.
|
| 260 |
|
|
|a Praha :
|b Odeon,
|c 1976
|
| 300 |
|
|
|a 284, [3] s. ;
|c 8°
|
| 500 |
|
|
|a Bibliogr.
|
| 500 |
|
|
|a S tb. a grafy v textu
|
| 500 |
|
|
|a Obálka a vazba: Soňa a Jiří Valouškovi
|
| 700 |
1 |
|
|a Valoušková, Soňa,
|d 1940-
|7 jk01141337
|4 art
|
| 700 |
1 |
|
|a Černá, Zlata,
|d 1932-2025
|7 jk01021400
|4 aut
|
| 700 |
1 |
|
|a Valoušek, Jiří
|4 art
|
| 910 |
|
|
|a BOA001
|b 2-0768.864
|
| 964 |
|
|
|a Literatura asijská - stol. 19., léta 80.-stol. 20. - vznik a vývoj - přehledy
|
| 990 |
|
|
|a BK
|
| 996 |
6 |
|
|b 2619502063
|c 2-0768.864
|l MZK
|r Sklad / do 1 hodiny
|n 1
|w 000579088
|u 000020
|a 1
|e BOA001
|j MZK50
|s P
|
| 996 |
7 |
|
|b 2619709052
|c 2-0768.864
|l MZK
|r Sklad / do 1 hodiny
|n 22
|w 000579088
|u 000010
|a 1
|e BOA001
|j MZK50
|s A
|